000 00314nam a22001337a 4500
008 170623b xxu||||| |||| 00| 0 eng d
020 _a0618731997
041 _aeng
080 _a32
100 _a21
101 _aSHP
245 _aINTRODUCTION TO POLITICS OF THE DEVELOPING WORLD
_cABRAHAMIAN
942 _2udc
_cBK
999 _c18890
_d18890